000 00830nam a22002535i 4500
001 176449
003 ES-MaACL
005 20250829131834.0
008 110117s1967 sp |||| | spa d
080 _a2:37
080 _a27-534.3
100 1 _aFéret, Henri-Marie.
_9144781
245 1 3 _aLa oración en la tradición bíblica /
_cpor H. M. Féret.
260 _aMadrid :
_bApostolado de la prensa,
_cimp. 1967.
300 _a32 p. ;
_c23 cm.
490 1 _aCuadernos de pedagogía religiosa. Escritura ;
_v5
650 4 _aReligión-
_xEnseñanza.
_9144779
650 0 4 _aOración.
_915729
710 0 _aApostolado de la Prensa.
_91403
830 0 0 _aCuadernos de pedagogía religiosa
_v5
_9190056
852 _aES-MaACL
_jE-14073 (5)
_xOlim P-1242
852 _aES-MaACL
_jC-37117(5)
999 _c176449
_d176449